00359nam a2200133Ia 4500008004100000041000800041082001200049100001600061245005700077250000800134260006700142300000800209365000800217231011s9999 xx 000 0 und d aeng a658.406 aSharan S.B. aOrganisational Development and Intervention Strategy a1st bShroff Publishers & Distributers Navi Mumbai Navi Mumbaic2015 a159 b200